|
|
|
|
| LEADER |
00000nam2a2200000 4500 |
| 001 |
193280 |
| 005 |
20231031181829.0 |
| 035 |
|
|
|a (RuTPU)RU\TPU\book\210797
|
| 090 |
|
|
|a 193280
|
| 100 |
|
|
|a 20110322d1975 k y0rusy50 ca
|
| 101 |
0 |
|
|a rus
|
| 102 |
|
|
|a RU
|
| 105 |
|
|
|a a z 000zy
|
| 200 |
0 |
|
|a 1974
|f отв. ред. Р. З. Сагдеев ; сост. М. И. Штерн
|
| 210 |
|
|
|d 1975
|
| 215 |
|
|
|a 414 с.
|c ил.
|
| 461 |
|
1 |
|0 (RuTPU)RU\TPU\book\210771
|t Освоение космического пространства в СССР
|o по материалам печати
|o сборник
|f Академия наук СССР (АН СССР), Институт космических исследований (ИКИ) ; сост. М. И. Штерн
|v 1974
|d 1975-
|
| 610 |
1 |
|
|a космонавтика
|
| 610 |
1 |
|
|a история
|
| 610 |
1 |
|
|a исследования
|
| 610 |
1 |
|
|a СССР
|
| 610 |
1 |
|
|a орбитальные станции
|
| 675 |
|
|
|a 629.78
|v 3
|
| 702 |
|
1 |
|a Сагдеев
|b Р. З.
|4 340
|
| 702 |
|
1 |
|a Штерн
|b М. И.
|4 220
|
| 801 |
|
1 |
|a RU
|b 63413507
|c 20110322
|
| 801 |
|
2 |
|a RU
|b 63413507
|c 20110524
|g RCR
|
| 942 |
|
|
|c BK
|